000 01027nam a2200277 a 4500
001 000024866
005 20200930023421.0
008 100712s1967 ag 000 | spa d
040 _aDO-SdBNP
_bspa
_cBNPHU
041 1 7 _aeng
_hspa
_2Código de idioma MARC
082 _a150.195
_bH744i, 1967
100 1 _aHollitscher, Walter
_951032
240 1 0 _aSigmund Freud : an introduction.
_lEspañol
245 1 0 _aIntroducción al psicoanálisis /
_cWalter Hollitscher; traducción Gino Germani.
250 _a5a ed.
260 _aBuenos Aires, (Argentina) :
_bEditorial Paidós,
_c1967.
300 _a175 p. ;
_c17 cm.
490 1 _aBiblioteca del Hombre Contemporáneo
_v3
534 _aTítulo original :
_tSigmund Freud : an introduction
650 4 _aPsicoanálisis
_91958
600 1 4 _aFREUD, SIGMUND, 1856-1939
_xCrítica e interpretación.
_951033
650 4 _aPsicoanálisis
_xTerminología
_951034
700 1 _aGermani, Gino
_etr.
_951035
830 0 _aBiblioteca del Hombre Contemporáneo,
_v3
_951036
049 _aBNGR
999 _c24359
_d24359